[Event "Spanish League of Honour"]
[Site "Linares"]
[Date "2017.08.14"]
[Round "1"]
[White "Bacrot, Etienne"]
[Black "Wojtaszek, Radoslaw"]
[Result "1-0"]
[WhiteTitle "GM"]
[BlackTitle "GM"]
[WhiteElo "2715"]
[BlackElo "2745"]
[Board "1"]
[WhiteCountry "FRA"]
[WhiteFideId "605506"]
[WhiteEloChange "5"]
[BlackCountry "POL"]
[BlackFideId "1118358"]
[BlackEloChange "-5"]

1. e4 e5 2. Nf3 Nc6 3. Bb5 a6 4. Ba4 Nf6 5. O-O Be7 6. d3 b5 7. Bb3 O-O 8.
Nc3 d6 9. a3 Nb8 10. Bd2 Nbd7 11. a4 Rb8 12. axb5 axb5 13. Ba2 c6 14. Ne2
d5 15. Ng3 Bc5 16. exd5 cxd5 17. d4 exd4 18. b4 Bd6 19. Nf5 Bc7 20. N5xd4
Rb6 21. Re1 Bb7 22. Bg5 Re8 23. Bb3 Ne5 24. Bf4 Nc4 25. Rxe8+ Nxe8 26. Bxc7
Qxc7 27. Nf5 g6 28. Ng3 Ng7 29. Nd4 Ne6 30. Nge2 Qe5 31. Qd3 Nxd4 32. Qxd4
Qxd4 33. Nxd4 Kg7 34. f3 Kf6 35. Kf2 h5 36. Bxc4 dxc4 37. Ra5 Ba6 38. h4
Ke5 39. Ke3 Kd5 40. Ne2 Re6+ 41. Kd2 Rd6 42. Ke3 Re6+ 43. Kf2 Rb6 44. Nc3+
Kd4 45. Ne2+ Kd5 46. c3 Bc8 47. Nd4 Bd7 48. Ra7 Kd6 49. Ke3 f6 50. Ne2 Bf5
51. Kd4 g5 52. Ng3 Bd3 53. Nxh5 gxh4 54. Nf4 Bf1 55. Rf7 1-0

[Event "Spanish League of Honour"]
[Site "Linares"]
[Date "2017.08.14"]
[Round "1"]
[White "Duda, Jan-Krzysztof"]
[Black "Naiditsch, Arkadij"]
[Result "1/2-1/2"]
[WhiteTitle "GM"]
[BlackTitle "GM"]
[WhiteElo "2707"]
[BlackElo "2710"]
[Board "2"]
[WhiteCountry "POL"]
[WhiteFideId "1170546"]
[BlackCountry "AZE"]
[BlackFideId "4650891"]

1. e4 e5 2. Nf3 Nc6 3. Bc4 Nf6 4. d3 Be7 5. O-O O-O 6. Re1 d6 7. a4 Na5 8.
Ba2 c5 9. c3 Nc6 10. Na3 a6 11. Bd2 Rb8 12. Nc2 Be6 13. Bxe6 fxe6 14. b4 b5
15. Qe2 Qd7 16. Ra2 Rfc8 17. axb5 axb5 18. bxc5 dxc5 19. Rb1 Rd8 20. Nce1
Ne8 21. Be3 Nc7 22. g3 b4 23. c4 Ra8 24. Rba1 Qe8 25. Nd2 Rxa2 26. Rxa2 Ra8
27. Nb3 Nd4 28. Bxd4 exd4 29. Rxa8 Qxa8 30. Nf3 Qa4 31. Qd1 Na6 32. e5 Nb8
33. Nfd2 Nd7 34. Qf3 Qa6 35. Qe4 Nf8 36. h4 h5 37. Qf3 g6 38. g4 hxg4 39.
Qxg4 Qa2 40. Kf1 Kh7 41. Qe4 Qa6 42. Ke2 Kg7 43. Qh1 Kh6 44. f4 Kg7 45. Kf2
Kh6 46. Kg3 Nd7 47. Kg4 Nf8 48. Qg2 Nd7 49. Ne4 Qa3 50. Qc2 Qa8 51. Ng3 Kg7
52. Qh2 Qa3 53. Qc2 Qa8 54. Qh2 Qa3 1/2-1/2

[Event "Spanish League of Honour"]
[Site "Linares"]
[Date "2017.08.14"]
[Round "1"]
[White "Van Wely, Loek"]
[Black "Ragger, Markus"]
[Result "1/2-1/2"]
[WhiteTitle "GM"]
[BlackTitle "GM"]
[WhiteElo "2646"]
[BlackElo "2656"]
[Board "3"]
[WhiteCountry "NED"]
[WhiteFideId "1000268"]
[BlackCountry "AUT"]
[BlackFideId "1610856"]

1. c4 c5 2. Nc3 Nf6 3. g3 e6 4. Nf3 Nc6 5. Bg2 d5 6. cxd5 Nxd5 7. O-O Be7
8. d4 O-O 9. e4 Ndb4 10. d5 exd5 11. exd5 Nd4 12. Nxd4 cxd4 13. Nb5 Nxd5
14. Nxd4 Bf6 15. Re1 Nb4 16. Be3 Nd5 17. Bc1 Nb4 18. Be3 Nd5 19. Bc1 Nb4
1/2-1/2

[Event "Spanish League of Honour"]
[Site "Linares"]
[Date "2017.08.14"]
[Round "1"]
[White "Franco Alonso, Alejandro"]
[Black "Edouard, Romain"]
[Result "1/2-1/2"]
[WhiteTitle "IM"]
[BlackTitle "GM"]
[WhiteElo "2434"]
[BlackElo "2624"]
[Board "5"]
[WhiteCountry "ESP"]
[WhiteFideId "2214067"]
[WhiteEloChange "2"]
[BlackCountry "FRA"]
[BlackFideId "633429"]
[BlackEloChange "-2"]

1. d4 Nf6 2. c4 c5 3. d5 e6 4. Nc3 exd5 5. cxd5 g6 6. Nf3 d6 7. g3 Bg7 8.
Bg2 O-O 9. O-O Re8 10. Bf4 Bf5 11. Nd2 Nh5 12. e4 Nxf4 13. gxf4 Bd7 14. a4
Bh6 15. Qf3 Qh4 16. Qg3 Qxf4 17. Nc4 Qxg3 18. hxg3 Bf8 19. f4 Na6 20. e5
Bf5 21. Ne4 Bxe4 22. Bxe4 Rad8 23. Rfe1 Nb8 24. Bf3 Nd7 25. Re2 Nb6 26.
Nxb6 axb6 27. Rae1 Re7 28. b3 h5 29. Kg2 Kg7 30. e6 f5 31. Ra2 Ra8 1/2-1/2

[Event "Spanish League of Honour"]
[Site "Linares"]
[Date "2017.08.14"]
[Round "1"]
[White "Del Rio De Angelis, Salvador G."]
[Black "Argandona Riveiro, Inigo"]
[Result "1-0"]
[WhiteTitle "GM"]
[BlackTitle "IM"]
[WhiteElo "2511"]
[BlackElo "2426"]
[Board "6"]
[WhiteCountry "ESP"]
[WhiteFideId "2203138"]
[WhiteEloChange "4"]
[BlackCountry "ESP"]
[BlackFideId "2212072"]
[BlackEloChange "-4"]

1. d4 d6 2. Nf3 Nf6 3. c4 g6 4. Nc3 Bg7 5. e4 O-O 6. Be2 Bg4 7. Be3 Nfd7 8.
h4 c5 9. d5 h5 10. Qd2 Qa5 11. Rc1 Nf6 12. Bh6 Nbd7 13. Bxg7 Kxg7 14. Ng5
Bxe2 15. Qxe2 Rae8 16. O-O Nh7 17. Nh3 Qd8 18. Rcd1 Ne5 19. g3 e6 20. f4
Ng4 21. dxe6 Rxe6 22. Ng5 Nxg5 23. hxg5 f6 24. gxf6+ Qxf6 25. Qd3 Qe7 26.
Nd5 Qd8 27. Rde1 Qa5 28. a3 Rf7 29. b4 cxb4 30. axb4 Qa6 31. Qd4+ Kh7 32.
Ra1 Qc6 33. Rxa7 Qe8 34. Re1 h4 35. gxh4 Qd8 36. Kg2 Nh6 37. Qf2 Qe8 38.
Qf3 Nf5 39. Kh3 Qc8 40. Qf2 Qe8 41. Qg2 Nh6 42. Kh2 Qc8 43. Qh3 Qe8 44. h5
gxh5 45. Qxh5 Re5 46. f5 Re6 47. Rg1 Ref6 48. Nxf6+ 1-0

[Event "Spanish League of Honour"]
[Site "Linares"]
[Date "2017.08.14"]
[Round "1"]
[White "Buiza Prieto, Eihartze"]
[Black "Vega Gutierrez, Sabrina"]
[Result "0-1"]
[WhiteTitle "WFM"]
[BlackTitle "IM"]
[WhiteElo "2099"]
[BlackElo "2369"]
[Board "7"]
[WhiteCountry "ESP"]
[WhiteFideId "22250220"]
[WhiteEloChange "-3"]
[BlackCountry "ESP"]
[BlackFideId "2219026"]
[BlackEloChange "3"]

1. e4 c5 2. Nf3 a6 3. d4 cxd4 4. Nxd4 Nf6 5. Nc3 e5 6. Nb3 Bb4 7. Qd3 d6 8.
Be2 Nbd7 9. O-O O-O 10. Be3 Bxc3 11. bxc3 Qc7 12. f3 Nb6 13. Rab1 Be6 14.
Bxb6 Qxb6+ 15. Kh1 Qc7 16. c4 Rac8 17. Nd2 Nd7 18. Qe3 Nc5 19. Rfd1 g6 20.
Nf1 Rfd8 21. Qa3 Rd7 22. Ne3 Qc6 23. Rb4 Qc7 24. Rdb1 h5 25. Rb6 Qd8 26.
R6b4 h4 27. Nf1 Rdc7 28. Rd1 Rc6 29. Rdb1 R8c7 30. Ne3 Rd7 31. Nf1 f5 32.
exf5 gxf5 33. Qc1 f4 34. Qe1 Bf5 35. Qc3 Rg7 36. Qd2 Qg5 37. Bd1 Bh3 38. g4
hxg3 0-1

[Event "Spanish League of Honour"]
[Site "Linares"]
[Date "2017.08.14"]
[Round "1"]
[White "Jobava, Baadur"]
[Black "Vidit, Santosh Gujrathi"]
[Result "1/2-1/2"]
[WhiteTitle "GM"]
[BlackTitle "GM"]
[WhiteElo "2687"]
[BlackElo "2693"]
[Board "1"]
[WhiteCountry "GEO"]
[WhiteFideId "13601520"]
[BlackCountry "IND"]
[BlackFideId "5029465"]

1. e4 e5 2. Nf3 Nc6 3. Bb5 a6 4. Ba4 Nf6 5. O-O Nxe4 6. d4 b5 7. Bb3 d5 8.
dxe5 Be6 9. Be3 Be7 10. Nbd2 Nc5 11. Nd4 Nxd4 12. Bxd4 Qd7 13. c3 O-O 14.
Bc2 Bf5 15. f4 Na4 16. Rb1 c5 17. Bf2 Rfd8 18. Nf3 Rac8 19. Bxf5 Qxf5 20.
Qd2 Nb6 21. Rbe1 Nc4 22. Qc1 d4 23. cxd4 cxd4 24. Nxd4 Qd7 25. Re2 Nxe5 26.
Qe3 Nc6 27. Nxc6 Qxc6 28. Qb6 Bf6 29. Qxc6 Rxc6 30. g4 h6 31. b3 Bd4 32.
Rfe1 Bxf2+ 1/2-1/2

[Event "Spanish League of Honour"]
[Site "Linares"]
[Date "2017.08.14"]
[Round "1"]
[White "Adhiban, B."]
[Black "Rakhmanov, Aleksandr"]
[Result "1/2-1/2"]
[WhiteTitle "GM"]
[BlackTitle "GM"]
[WhiteElo "2677"]
[BlackElo "2663"]
[Board "2"]
[WhiteCountry "IND"]
[WhiteFideId "5018471"]
[BlackCountry "RUS"]
[BlackFideId "4173708"]

1. e4 d5 2. exd5 Qxd5 3. Nf3 g6 4. d4 Bg7 5. Be2 Nh6 6. O-O Nf5 7. c3 O-O
8. Nbd2 c5 9. Bc4 Qc6 10. dxc5 Qxc5 11. Qe2 Qc7 12. Re1 Nc6 13. Nf1 Bd7 14.
Ng3 Rad8 15. Bb3 Bc8 16. Qc4 e5 17. Nxf5 Bxf5 18. Qh4 h5 19. h3 Bd3 20. Bg5
Rd6 21. Nd2 Kh7 22. Ne4 Bxe4 23. Qxe4 Bh6 24. Bxh6 Kxh6 25. Rad1 Rxd1 26.
Rxd1 Kg7 27. Qc4 Qe7 28. Rd5 Rd8 29. h4 Rxd5 30. Qxd5 Nd8 31. g3 Qc7 32.
Kg2 Ne6 33. Qb5 Nc5 34. Bd5 a6 35. Qe2 b5 36. a3 Na4 37. Kh2 Nb6 38. Ba2
Qc5 39. Qf3 Nc4 40. Kg2 Qc7 41. Bxc4 1/2-1/2

[Event "Spanish League of Honour"]
[Site "Linares"]
[Date "2017.08.14"]
[Round "1"]
[White "Safarli, Eltaj"]
[Black "Salgado Lopez, Ivan"]
[Result "1/2-1/2"]
[WhiteTitle "GM"]
[BlackTitle "GM"]
[WhiteElo "2633"]
[BlackElo "2627"]
[Board "3"]
[WhiteCountry "AZE"]
[WhiteFideId "13402129"]
[BlackCountry "ESP"]
[BlackFideId "2257327"]

1. d4 Nf6 2. Bf4 b6 3. Nf3 Bb7 4. e3 e6 5. Bd3 Be7 6. h3 O-O 7. Nbd2 c5 8.
c3 Nc6 9. O-O d5 10. Re1 Bd6 11. Bxd6 Qxd6 12. e4 dxe4 13. Nxe4 Nxe4 14.
Bxe4 Rad8 15. dxc5 Qxc5 16. Qe2 Rd6 17. Rad1 Rfd8 18. Rxd6 Rxd6 19. Rd1 h6
20. b4 Rxd1+ 21. Qxd1 Qc4 22. Bc2 g5 23. b5 Na5 24. Nxg5 hxg5 25. Qd8+ Kg7
26. Qxg5+ Kf8 27. Qd8+ Kg7 28. Qg5+ Kf8 29. Qd8+ Kg7 30. Qg5+ Kf8 1/2-1/2

[Event "Spanish League of Honour"]
[Site "Linares"]
[Date "2017.08.14"]
[Round "1"]
[White "Ganguly, Surya Shekhar"]
[Black "Peralta, Fernando"]
[Result "1/2-1/2"]
[WhiteTitle "GM"]
[BlackTitle "GM"]
[WhiteElo "2658"]
[BlackElo "2540"]
[Board "4"]
[WhiteCountry "IND"]
[WhiteFideId "5002150"]
[WhiteEloChange "-2"]
[BlackCountry "ARG"]
[BlackFideId "105309"]
[BlackEloChange "2"]

1. e4 c6 2. Nc3 d5 3. Nf3 Bg4 4. h3 Bxf3 5. Qxf3 Nf6 6. Be2 e6 7. O-O dxe4
8. Nxe4 Nxe4 9. Qxe4 Nd7 10. d4 g6 11. Bd2 Bg7 12. Bb4 Nf6 13. Qe5 Nh5 14.
Qc5 Bf8 15. Qc4 Bxb4 16. Qxb4 Nf4 17. Bf3 Qe7 18. Qa5 Qf6 19. Qa3 Qe7 20.
Qe3 Nd5 21. Qe5 O-O 22. c4 Nb6 23. b3 Rfe8 24. Rfe1 Qd8 25. Rad1 Nd7 26.
Qd6 Nf6 27. Qf4 Kg7 28. h4 h6 29. g3 Qb8 30. Qe3 Qd6 31. Qc3 h5 32. Re5
Rad8 33. a4 a6 34. a5 Nd7 35. Re3 Nf6 36. b4 Re7 37. Red3 Red7 38. Qb2 Qe7
39. Re3 Kg8 40. Kg2 Rd6 41. Qc3 Qd7 42. Ree1 Rxd4 43. Qe3 Ng4 44. Qg5 Rd2
45. Bxg4 hxg4 46. Rxd2 Qxd2 47. Re4 Qxg5 48. hxg5 c5 49. b5 Rd1 50. bxa6
1/2-1/2

[Event "Spanish League of Honour"]
[Site "Linares"]
[Date "2017.08.14"]
[Round "1"]
[White "Narciso Dublan, Marc"]
[Black "Cori, Jorge"]
[Result "0-1"]
[WhiteTitle "GM"]
[BlackTitle "GM"]
[WhiteElo "2467"]
[BlackElo "2641"]
[Board "5"]
[WhiteCountry "ESP"]
[WhiteFideId "2201500"]
[WhiteEloChange "-3"]
[BlackCountry "PER"]
[BlackFideId "3802272"]
[BlackEloChange "3"]

1. e4 c5 2. Nc3 e6 3. g3 Nc6 4. Bg2 a6 5. Nh3 b5 6. O-O Bb7 7. d3 d6 8. f4
Be7 9. f5 e5 10. Nd5 Nf6 11. Nf2 Nb8 12. a4 Nxd5 13. exd5 Nd7 14. axb5 axb5
15. Rxa8 Qxa8 16. c4 bxc4 17. dxc4 Qa6 18. b3 h6 19. Ne4 Nf6 20. Nc3 Bc8
21. g4 Bd7 22. h3 Qb6 23. Rf2 O-O 24. Be4 Ra8 25. Bb1 Ne8 26. Ne4 Bh4 27.
Ra2 Rxa2 28. Bxa2 Nf6 29. Bb1 Nxe4 30. Bxe4 Bg5 31. Bxg5 hxg5 32. Kf2 Qa5
33. Ke2 Qc3 34. Qd3 Qb2+ 35. Kd1 Kf8 36. Qe3 f6 37. Bc2 Qa1+ 38. Kd2 Qh1
39. Kc3 Ke7 40. Kb2 Qh2 41. Qc3 Qe2 42. Qd3 Qf2 43. Kb1 Be8 44. Qc3 Qf1+
45. Kb2 Qf4 46. b4 cxb4 47. Qxb4 Qf2 48. Qb7+ Bd7 49. Qa8 Qd4+ 50. Kb3 e4
51. Qa5 e3 52. Qe1 Kf7 53. Qe2 Kf8 54. Bd3 Be8 55. Kb4 Ke7 56. Qc2 Qa1 57.
Be2 Kd8 58. Qd3 Qb2+ 59. Ka5 Qc1 60. Bd1 Kc7 61. Kb4 Qb2+ 62. Bb3 e2 63.
Qe3 Qe5 64. Qa7+ Kd8 0-1

[Event "Spanish League of Honour"]
[Site "Linares"]
[Date "2017.08.14"]
[Round "1"]
[White "Ubilava, Elizbar"]
[Black "Moskalenko, Viktor"]
[Result "1/2-1/2"]
[WhiteTitle "GM"]
[BlackTitle "GM"]
[WhiteElo "2498"]
[BlackElo "2505"]
[Board "6"]
[WhiteCountry "ESP"]
[WhiteFideId "13600052"]
[BlackCountry "ESP"]
[BlackFideId "14100100"]

1. d4 d6 2. c4 f5 3. Nf3 Nf6 4. g3 g6 5. Bg2 Bg7 6. O-O O-O 7. Nc3 c6 8. b3
Qe8 9. Bb2 e5 10. dxe5 dxe5 11. e4 f4 12. Qd6 Nfd7 13. Ne2 fxg3 14. fxg3
Rf6 15. Qd2 Na6 16. b4 Nb6 17. Rfc1 Rf7 18. c5 Na4 19. Nc3 Nxb2 20. Qxb2
Bh6 21. Rf1 Bg4 22. h3 Bxf3 23. Bxf3 Rd8 24. Rad1 Be3+ 25. Kg2 Rxd1 26.
Nxd1 Bd4 27. Qb3 Kg7 28. Ne3 Bxe3 29. Qxe3 Nxb4 30. Qc3 Na6 31. Be2 Rxf1
32. Bxf1 Nb8 33. Qa5 Qc8 34. Qxa7 Nd7 35. Be2 Qb8 36. Qa5 Nf6 37. Qb6 Nxe4
38. Bf3 Nd2 39. Be2 Kh8 40. a4 Ne4 41. Bf3 Ng5 42. Bxc6 Qc8 43. Bxb7 Qxh3+
44. Kf2 Qf5+ 45. Ke3 Kg7 46. Qd6 Kh6 47. Kd2 Qg4 48. Bd5 Qd4+ 49. Kc2 Qxa4+
50. Bb3 Qe4+ 51. Kb2 Nf3 52. c6 Nd4 53. Qf8+ Kg5 54. Qd8+ Kh6 55. Qf8+ Kg5
56. Qd8+ Kh6 57. Qf8+ Kg5 1/2-1/2

[Event "Spanish League of Honour"]
[Site "Linares"]
[Date "2017.08.14"]
[Round "1"]
[White "Matnadze, Ana"]
[Black "Garcia Vicente, Nieves"]
[Result "1-0"]
[WhiteTitle "IM"]
[BlackTitle "WIM"]
[WhiteElo "2389"]
[BlackElo "2137"]
[Board "7"]
[WhiteCountry "ESP"]
[WhiteFideId "13601377"]
[WhiteEloChange "4"]
[BlackCountry "ESP"]
[BlackFideId "2201542"]
[BlackEloChange "-4"]

1. d4 d5 2. Nf3 Nf6 3. g3 Bf5 4. Bg2 e6 5. O-O Nbd7 6. c4 c6 7. Nc3 h6 8.
b3 Bd6 9. Bb2 O-O 10. e3 Qe7 11. Qe2 Rfd8 12. Rfd1 Ne4 13. Nd2 Nxc3 14.
Bxc3 a5 15. a4 Bc2 16. Rdc1 Bg6 17. e4 dxe4 18. Nxe4 Bb4 19. Bb2 Rac8 20.
Rd1 Re8 21. f4 Rcd8 22. Nf2 Nf6 23. Nd3 Bh5 24. Bf3 Bxf3 25. Qxf3 Bd6 26.
Bc3 Bc7 27. Kg2 Bb6 28. Ne5 Nd7 29. Ng4 Nf8 30. Ra2 Ng6 31. Re2 Qc7 32. Ne3
Ne7 33. Qg4 f5 34. Qh5 Kh7 35. c5 Ba7 36. Qf7 Nd5 37. Qxc7 Nxc7 38. Bxa5
Bb8 39. Nc4 Rd7 40. Nd6 Ree7 41. Rde1 b6 42. cxb6 Rxd6 43. bxc7 Bxc7 44.
Bb4 1-0

[Event "Spanish League of Honour"]
[Site "Linares"]
[Date "2017.08.14"]
[Round "1"]
[White "Iturrizaga Bonelli, Eduardo"]
[Black "Ponomariov, Ruslan"]
[Result "0-1"]
[WhiteTitle "GM"]
[BlackTitle "GM"]
[WhiteElo "2662"]
[BlackElo "2692"]
[Board "1"]
[WhiteCountry "VEN"]
[WhiteFideId "3901211"]
[WhiteEloChange "-5"]
[BlackCountry "UKR"]
[BlackFideId "14103320"]
[BlackEloChange "5"]

1. d4 Nf6 2. c4 g6 3. Nc3 d5 4. e3 Bg7 5. Qb3 c6 6. cxd5 cxd5 7. Nf3 O-O 8.
Be2 b6 9. Bd2 Nc6 10. O-O Bb7 11. Rfc1 e6 12. Na4 Ne4 13. Be1 Nd6 14. Qd1
f5 15. b4 f4 16. b5 Ne7 17. exf4 Rxf4 18. g3 Rf8 19. Ne5 Nef5 20. Bb4 Re8
21. Nb2 Nxd4 22. Qxd4 Nf5 23. Qf4 g5 24. Qd2 Bxe5 25. Bh5 Qf6 26. Rab1 Rec8
27. Re1 Bd4 28. Nd3 Ng7 29. Bg4 Rc4 30. Bd6 Bc3 0-1

[Event "Spanish League of Honour"]
[Site "Linares"]
[Date "2017.08.14"]
[Round "1"]
[White "Bachmann, Axel"]
[Black "Movsesian, Sergei"]
[Result "1/2-1/2"]
[WhiteTitle "GM"]
[BlackTitle "GM"]
[WhiteElo "2648"]
[BlackElo "2677"]
[Board "3"]
[WhiteCountry "PAR"]
[WhiteFideId "3700488"]
[BlackCountry "ARM"]
[BlackFideId "310204"]

1. c4 e5 2. Nc3 Nf6 3. g3 d5 4. cxd5 Nxd5 5. Bg2 Nb6 6. Nf3 Nc6 7. O-O Be7
8. d3 O-O 9. a3 Be6 10. b4 Nd4 11. Nd2 c6 12. Rb1 Qd7 13. Nde4 Bh3 14. Nc5
Bxc5 15. Bxh3 Qxh3 16. bxc5 Nd7 17. Rxb7 Nxc5 18. Rb4 Rad8 19. Rc4 Nce6 20.
e3 Nf5 21. Rxc6 Rxd3 22. Qxd3 Nh4 23. Qd5 e4 24. Qxe4 Ng5 25. gxh4 Nxe4 26.
Nxe4 Qf3 27. Rc4 Qg4+ 28. Kh1 Qf3+ 29. Kg1 Qg4+ 30. Kh1 Qf3+ 31. Kg1
1/2-1/2

[Event "Spanish League of Honour"]
[Site "Linares"]
[Date "2017.08.14"]
[Round "1"]
[White "Grandelius, Nils"]
[Black "Mareco, Sandro"]
[Result "1/2-1/2"]
[WhiteTitle "GM"]
[BlackTitle "GM"]
[WhiteElo "2644"]
[BlackElo "2650"]
[Board "4"]
[WhiteCountry "SWE"]
[WhiteFideId "1710400"]
[BlackCountry "ARG"]
[BlackFideId "112275"]

1. Nf3 Nf6 2. c4 e6 3. g3 d5 4. d4 Bb4+ 5. Nc3 O-O 6. Bg2 dxc4 7. O-O Nc6
8. Qa4 Nd5 9. Qc2 Be7 10. Rd1 b6 11. e4 Ndb4 12. Qe2 Ba6 13. Be3 Na5 14. a3
Nd3 15. b4 Nb3 16. Rab1 c5 17. dxc5 bxc5 18. b5 Qa5 19. Qc2 Bb7 20. Nd2
Nxd2 21. Bxd2 Qxa3 22. Ne2 Rfd8 23. Qxc4 Ne5 24. Qc3 Qxc3 25. Bxc3 Nc4 26.
Rxd8+ Rxd8 27. Ra1 Ra8 28. Nf4 Nd6 29. e5 Nxb5 30. Bxb7 Rb8 31. Bf3 Nxc3
32. Rxa7 Kf8 33. h4 Nb5 34. Ra4 Nd4 35. Be4 g6 36. Kf1 Rc8 37. Ne2 Nc6 38.
Bxc6 Rxc6 39. Ra8+ Kg7 40. Ra7 Bd8 41. Nc3 Rc7 42. Ra8 Be7 43. Nb5 Rb7 44.
Nd6 Bxd6 45. exd6 Rd7 46. Rc8 Rxd6 47. Rxc5 Rd2 48. Kg2 h5 49. Ra5 Kf6 50.
Ra3 e5 51. Ra6+ Kf5 52. Ra7 f6 53. Ra5 g5 54. hxg5 Kxg5 55. Ra4 Rd4 56. Ra6
h4 57. gxh4+ Rxh4 58. f3 Rb4 59. Kg3 f5 60. Re6 f4+ 61. Kg2 Rb2+ 62. Kf1
Kf5 63. Re8 Ra2 64. Kg1 Kf6 65. Kf1 Ra5 66. Ke2 Kf7 67. Rb8 Ke6 68. Rd8
Ra2+ 69. Kf1 Ra6 70. Ke2 Rd6 71. Ra8 Kd5 72. Ra5+ 1/2-1/2

[Event "Spanish League of Honour"]
[Site "Linares"]
[Date "2017.08.14"]
[Round "1"]
[White "Santos Ruiz, Miguel"]
[Black "Mchedlishvili, Mikheil"]
[Result "1/2-1/2"]
[WhiteTitle "IM"]
[BlackTitle "GM"]
[WhiteElo "2490"]
[BlackElo "2590"]
[Board "5"]
[WhiteCountry "ESP"]
[WhiteFideId "22291482"]
[WhiteEloChange "1"]
[BlackCountry "GEO"]
[BlackFideId "13600966"]
[BlackEloChange "-1"]

1. e4 d6 2. d4 g6 3. Be3 Bg7 4. f3 Nf6 5. Qd2 c6 6. Ne2 Nbd7 7. c4 e5 8. d5
cxd5 9. cxd5 Nc5 10. Nbc3 a5 11. g4 h5 12. g5 Nh7 13. Nb5 b6 14. Nec3 O-O
15. O-O-O Qe7 16. Rg1 Bd7 17. Kb1 Rfc8 18. a4 Nf8 19. Re1 Be8 20. Qd1 Bxb5
21. Bxb5 Rd8 22. Rg2 Nfd7 23. Bc6 Rac8 24. Qe2 Nb8 25. Bb5 Qb7 26. Rgg1
Nba6 27. Bxa6 Nxa6 28. Qb5 Nc5 29. Rc1 Rc7 30. Rc2 Rdc8 31. Rgc1 Qb8 32.
Ne2 Rb7 33. Ng3 Rcc7 34. Nf1 Qc8 35. Nd2 Qh3 36. Qf1 1/2-1/2

[Event "Spanish League of Honour"]
[Site "Linares"]
[Date "2017.08.14"]
[Round "1"]
[White "Ibarra Jerez, Jose Carlos"]
[Black "Castellanos Rodriguez, Renier"]
[Result "1/2-1/2"]
[WhiteTitle "GM"]
[BlackTitle "IM"]
[WhiteElo "2569"]
[BlackElo "2487"]
[Board "6"]
[WhiteCountry "ESP"]
[WhiteFideId "2226332"]
[WhiteEloChange "-1"]
[BlackCountry "ESP"]
[BlackFideId "3404650"]
[BlackEloChange "1"]

1. Nf3 c5 2. c4 g6 3. e4 Nc6 4. d4 cxd4 5. Nxd4 Bg7 6. Be3 Qb6 7. Nb3 Qd8
8. Nc3 Nf6 9. Be2 O-O 10. O-O a5 11. Nd5 d6 12. Bb6 Qd7 13. Be3 Qd8 14. Bb6
Qd7 15. Nd2 Ne8 16. Be3 Qd8 17. Bb6 Qd7 18. c5 e6 19. Nc3 d5 20. exd5 exd5
21. Nf3 Nc7 22. Qd2 d4 23. Rad1 Nd5 24. Nxd5 Qxd5 25. b3 Bf5 26. Rfe1 Qd7
27. Bb5 Bg4 28. Qf4 Qc8 29. h3 Be6 30. Ng5 Bd5 31. Ne4 f5 32. Nd6 Qd7 33.
Nc4 Qf7 34. Re2 Kh8 35. Nd6 Qd7 36. Rd3 Bf6 37. h4 Qg7 38. Bc4 1/2-1/2

[Event "Spanish League of Honour"]
[Site "Linares"]
[Date "2017.08.14"]
[Round "1"]
[White "Sgircea, Silvia-Raluca"]
[Black "Gil Quilez, Sonia"]
[Result "1-0"]
[WhiteTitle "WIM"]
[BlackTitle "WFM"]
[WhiteElo "2246"]
[BlackElo "2057"]
[Board "7"]
[WhiteCountry "ROU"]
[WhiteFideId "1213776"]
[WhiteEloChange "5"]
[BlackCountry "ESP"]
[BlackFideId "2263980"]
[BlackEloChange "-5"]

1. Nf3 d5 2. e3 Nf6 3. c4 c6 4. Nc3 e6 5. b3 Nbd7 6. Qc2 Bd6 7. Bb2 O-O 8.
Be2 a6 9. O-O Re8 10. d4 Qe7 11. Rfd1 b6 12. e4 dxe4 13. Nxe4 Nxe4 14. Qxe4
Bb7 15. Bd3 Nf8 16. Qe2 Ng6 17. g3 c5 18. Be4 Rad8 19. Rd2 Qc7 20. Rad1 Be7
21. Bxb7 Qxb7 22. dxc5 Rxd2 23. Nxd2 Bxc5 24. Ne4 Be7 25. Nd6 Bxd6 26. Rxd6
Qc7 27. Qd2 b5 28. Qd4 f6 29. Rd7 Qe5 30. Qxe5 fxe5 31. c5 Rc8 32. b4 Rc6
33. h4 Kf8 34. h5 Ne7 35. Bxe5 Ke8 36. Rb7 g6 37. h6 Rc8 38. Bd6 Nf5 39.
Rxh7 1-0

[Event "Spanish League of Honour"]
[Site "Linares"]
[Date "2017.08.14"]
[Round "1"]
[White "Areshchenko, Alexander"]
[Black "Banusz, Tamas"]
[Result "1-0"]
[WhiteTitle "GM"]
[BlackTitle "GM"]
[WhiteElo "2652"]
[BlackElo "2611"]
[Board "1"]
[WhiteCountry "UKR"]
[WhiteFideId "14109530"]
[WhiteEloChange "4"]
[BlackCountry "HUN"]
[BlackFideId "722413"]
[BlackEloChange "-4"]

1. e4 e5 2. Nf3 Nc6 3. Bb5 a6 4. Ba4 Nf6 5. O-O Be7 6. Re1 b5 7. Bb3 d6 8.
c3 O-O 9. h3 Na5 10. Bc2 c5 11. d4 Nd7 12. Nbd2 exd4 13. cxd4 Nc6 14. d5
Nce5 15. a4 Rb8 16. Nxe5 Nxe5 17. axb5 axb5 18. f4 Ng6 19. Nf3 Bh4 20. Rf1
Bg3 21. f5 Ne5 22. Ng5 h6 23. f6 gxf6 24. Nf3 Kg7 25. Ra3 b4 26. Nxe5 Bxe5
27. Raf3 Rh8 28. b3 Ra8 29. Bf4 Bd4+ 30. Kh1 h5 31. Bd3 h4 32. e5 dxe5 33.
Bg5 e4 34. Bxf6+ Bxf6 35. Rxf6 exd3 36. Rxf7+ Kg8 37. Qxd3 Rh6 38. Qe3 Rg6
39. Re7 Bd7 40. Qe4 Be8 41. Rf6 1-0

[Event "Spanish League of Honour"]
[Site "Linares"]
[Date "2017.08.14"]
[Round "1"]
[White "Demchenko, Anton"]
[Black "Baklan, Vladimir"]
[Result "1-0"]
[WhiteTitle "GM"]
[BlackTitle "GM"]
[WhiteElo "2645"]
[BlackElo "2601"]
[Board "3"]
[WhiteCountry "RUS"]
[WhiteFideId "4160258"]
[WhiteEloChange "4"]
[BlackCountry "UKR"]
[BlackFideId "14102196"]
[BlackEloChange "-4"]

1. e4 e6 2. d4 d5 3. Nd2 c5 4. Ngf3 cxd4 5. Nxd4 Nf6 6. exd5 Nxd5 7. N2f3
Bb4+ 8. Bd2 O-O 9. c3 Bd6 10. Bd3 Nc6 11. Nxc6 bxc6 12. Qc2 f5 13. O-O-O
Rb8 14. c4 Nb4 15. Bxb4 Rxb4 16. c5 Bf4+ 17. Kb1 Qf6 18. Bc4 Kh8 19. Rhe1
g5 20. Nd4 e5 21. Ne2 e4 22. Nxf4 gxf4 23. Rd6 Qg7 24. b3 Rb7 25. Qd2 e3
26. fxe3 fxe3 27. Qxe3 f4 28. Qe5 Bf5+ 29. Kc1 Rc7 30. Qxg7+ Kxg7 31. Kd2
Bg6 32. Ree6 Rf5 33. Rxc6 Rxc5 34. Rxc5 Rxc5 35. Ke2 Kh6 36. Ra6 Rh5 37. h3
Re5+ 38. Kf2 Re7 39. Kf3 Kg5 40. Ra5+ Bf5 41. h4+ Kf6 42. Kxf4 Re4+ 43. Kf3
Rxh4 44. Rxa7 Be4+ 45. Kg3 Rh1 46. a4 h5 47. Rf7+ Ke5 48. Kf2 Rc1 49. Re7+
Kd4 50. Rd7+ Kc3 51. g3 Ra1 52. Ke3 Bc2 53. Rc7 Kb2 54. Rc5 Re1+ 55. Kf2
Rh1 56. a5 h4 57. gxh4 Rxh4 58. a6 Rh7 59. Rb5 Be4 60. Ke3 Bh1 61. Kd4 Rh4+
62. Kc5 Kc3 63. Kb6 Rh6+ 64. Ka5 Kd4 65. Rb6 Rh2 66. Kb4 Ra2 67. Rd6+ Ke5
68. Rd8 1-0